[Event "Charity Cup MCCT Prel 2022"]
[Site "Online"]
[Date "2022.03.15"]
[Round "7.1"]
[White "Navara, David"]
[Black "Niemann, Hans Moke"]
[Result "1-0"]
[WhiteElo "2700"]
[BlackElo "2642"]
[Annotator "TA"]
[PlyCount "169"]
[EventDate "2022.03.18"]
[EventType "tourn"]
[EventCountry "NET"]
[SourceTitle "playchess.com"]
[Source "ChessBase"]
[SourceQuality "1"]

{[%evp 13,169,39,45,11,13,20,27,0,0,0,12,16,25,20,16,0,0,0,0,0,0,-22,-31,-47,-37,-31,-12,-9,-16,-51,-33,-35,-39,-14,163,155,275,290,277,289,289,265,334,332,341,341,340,350,347,325,378,298,310,300,283,0,0,0,0,0,0,0,0,0,0,0,0,0,0,-4,-4,-4,-4,-4,-4,-4,-4,-4,-4,-4,0,0,7,7,7,7,8,7,45,38,45,45,46,38,505,505,505,505,497,497,497,490,482,465,179,0,483,483,468,468,442,376,231,92,1790,1783,1626,1703,1808,1713,12850,12839,29950,29954,29954,29954,29957,29958,29942,11957,5895,5399,3016,2379,29967,29971,29956,29972,29970,0,29976,29977,29976,29975,29971,29970,29982,29983,29986,29987,29987,29988,29988,29989,29989,29990,29990,29991]} 1. e4 e5 2. Nf3 Nc6 3. Bc4 Nf6 {[%cal Bg8f6,Bf6d5,Bd5b6][%mdl 32]} 4. d3 Bc5 5. c3 O-O 6. O-O d5 7. exd5 Nxd5 8. a4 {C54: Giuoco Piano: 4 c3 Nf6, main lines with 5 d4 and 5 d3.} a5 9. Re1 Bg4 10. h3 {White has an edge.} Bh5 11. Nbd2 Nb6 12. Bb5 Bd6 13. Ne4 f5 14. Ng3 Bxf3 15. Qxf3 Ne7 $1 16. Qxb7 Rb8 {[#]} 17. Qa6 $146 (17. Qf3 $5 {[%cal Rc1g5]}) ({Predecessor:} 17. Qf3 c6 18. Bxc6 e4 19. Bxe4 fxe4 20. Qxe4 Nbd5 21. Qe6+ Kh8 22. Ne4 Rb6 23. Nxd6 Rxd6 {0-1 (73) Dobrikov,M (2085)-Trifan,A (2169) Willingen 2018}) 17... c6 18. Bc4+ Kh8 $1 19. Bg5 (19. Qxa5 Ra8 20. Ba6 Bc7 $17) 19... h6 20. Bxe7 Qxe7 21. Qxa5 Qc7 22. b4 Ra8 23. Ba6 f4 $2 (23... Qa7 $11) 24. Ne4 $18 {[%cal Bg3e4,Be4d6,Bd6c4,Bc4e5][%mdl 32]} Rxa6 (24... Be7 $16 {is a better defense.}) 25. Qxa6 Ra8 {[#]} 26. Qxb6 {[%mdl 512]} Qxb6 27. Nxd6 {[%mdl 64] Discovered Attack} Qc7 28. Nc4 f3 29. g3 (29. Rxe5 fxg2 30. Re3 (30. Kxg2 Rf8 $16) 30... Kh7 $18) (29. gxf3 Qd8 $18) 29... Qd7 30. Nxe5 Qxh3 {[%csl Gf3][%cal Rh3g2]} 31. Nxf3 Rf8 32. Ne5 Rf5 33. Ng6+ (33. Nxc6 {gets mated.} Rh5 34. Re8+ Kh7) ({Not} 33. g4 Rxe5 34. Rxe5 Qxg4+ 35. Kf1 Qf3 $16) 33... Kh7 34. Re4 $2 Rh5 $11 {[%csl Gh5][%cal Rh3h1]} (34... Kxg6 $2 35. Rh4 Qxh4 36. gxh4 $18) 35. Rh4 Rxh4 36. Nxh4 {[%mdl 4096] Endgame KQ-KRN} Qe6 37. c4 {Hoping for b5.} Qe5 38. Rf1 {Black must now prevent b5.} Qc3 {[%csl LRb4,LRd3]} 39. b5 cxb5 40. cxb5 Qb4 41. Ng2 {Threatens to win with Ne3.} Qxa4 42. Ne3 {Strongly threatening b6.} Qxb5 43. d4 Kg6 44. d5 Kf7 45. Rd1 Ke8 46. Nf5 Kd7 {To avoid Nd6} 47. Nxg7 Qb3 48. Rd4 Qb2 49. Ne6 Kd6 50. Kg2 Qc3 51. Rh4 Kxd5 52. Rxh6 Kd6 53. Nf4+ Kd7 $2 {[%mdl 8192]} (53... Ke5 $14) 54. Re6 $18 Qd4 55. Re3 {Threatening mate with Rd3.} Qf6 56. Re4 Qc6 57. f3 Qc2+ 58. Kh3 Qb3 $2 (58... Qc3 {was called for.} 59. Kg2 Qb2+ 60. Ne2 Qh8) 59. Kg2 $2 (59. Ng6) 59... Qc2+ $1 60. Ne2 Qc5 61. g4 {[%cal Bg3g4,Bg4g5][%mdl 32]} Qg5 62. Kg3 {f4 is the strong threat.} Qh6 63. f4 (63. Nd4 $18 {has better winning chances.}) 63... Qc6 $2 {[%mdl 8192]} (63... Qh1 $16 64. Re5 Qe1+ 65. Kg2 Qh4) 64. Re5 Qh1 65. g5 Qe1+ 66. Kg4 {And now g6 would win.} Qb1 67. f5 {Intending g6 and mate.} Qb2 68. Re6 Qb4+ 69. Kh5 Qf8 {[#]} 70. Ng3 $1 Qh8+ {[#]} 71. Kg4 $1 {Re4 would kill now.} Qd4+ 72. Re4 Qd1+ 73. Kh3 {White threatens g6 and mate.} Qa1 74. g6 Qh8+ 75. Kg4 Qa1 76. Kh3 $2 (76. Nh5 {mates} Qg1+ 77. Kh4 Qh1+ 78. Kg5 Kd6 79. Re6+ Kc5 80. g7 Qg2+ 81. Kf6) 76... Qg7 $2 {[%mdl 8192]} (76... Qh8+ $11 77. Kg4 Qb2) 77. Nh5 {White mates.} Qa1 78. Kh4 Qh1+ 79. Kg5 Qc1+ 80. Rf4 Ke8 81. f6 {[%cal Bf5f6,Bf6f7][%mdl 32]} Qc5+ 82. Kh6 Qf8+ 83. Kh7 Kd7 84. f7 Ke6 85. g7 {Weighted Error Value: White=0.14 (very precise) /Black=0.26 (precise)} 1-0

[Event "Charity Cup MCCT Prel 2022"]
[Site "Online"]
[Date "2022.03.15"]
[Round "7.2"]
[White "Rapport, Richard"]
[Black "Carlsen, Magnus"]
[Result "0-1"]
[WhiteElo "2762"]
[BlackElo "2865"]
[Annotator "TA"]
[PlyCount "56"]
[EventDate "2022.03.18"]
[EventType "tourn"]
[EventCountry "NET"]
[SourceTitle "playchess.com"]
[Source "ChessBase"]
[SourceQuality "1"]

{[%evp 9,56,0,10,6,18,0,1,1,13,0,20,17,10,-14,0,-6,0,4,9,10,17,-13,10,0,0,-41,-39,-50,-66,-53,-40,-287,-257,-272,-248,-441,-445,-518,-529,-752,-714,-1273,-1270,-1410,-1375,-2032,-2015,-1894,-1818]} 1. e4 c5 2. Nc3 Nc6 3. g3 Rb8 4. Bg2 b5 5. a3 g6 {[#]} 6. b4 $146 {B24: Closed Sicilian: 3 g3 sidelines.} ({Predecessor:} 6. f4 Bg7 7. Nf3 d6 8. d3 e6 9. O-O Nge7 10. Ne2 f5 11. c3 O-O 12. Be3 a5 13. Qd2 a4 14. Qc2 Bb7 15. h3 Qd7 16. Rad1 {0-1 (45) Djordjevic,V (2414)-Gukesh,D (2466) Paracin 2018}) 6... d6 7. Rb1 a6 $1 8. Nge2 {The position is equal.} Bg7 9. O-O Nf6 {[%cal Bg8f6,Bf6d7,Bd7b6,Bb6c4][%mdl 32]} 10. f4 {[%cal Oe4e5]} Nd7 {Prevents e5.} 11. Nd5 O-O 12. Bb2 Bxb2 13. Rxb2 e6 14. Ne3 Bb7 15. Kh1 Nb6 16. c3 d5 17. e5 (17. exd5 $11 exd5 18. bxc5) 17... d4 $15 18. Ng4 ({Don't blunder} 18. bxc5 $2 Na4 19. Nc4 Na5 20. Nxa5 (20. Bxb7 $2 Nxc4 21. Ra2 Rxb7 $19) 20... Bxg2+ 21. Kxg2 Nxb2 $19) 18... Nc4 19. Ra2 dxc3 20. Nxc3 $2 {This move loses the game for White.} ({White must play} 20. dxc3 $15 Kg7 21. Qxd8 (21. bxc5 $2 h5 $19) 21... Rfxd8 22. Rfa1) 20... cxb4 $19 21. Ne4 bxa3 {Threatens to win with ...Nb4.} 22. d3 $2 {[#]} (22. Qb1 b4 23. d3) 22... Nb4 $1 {[%csl LRa2,LRd3] Black is clearly winning.} 23. Ngf6+ (23. Qb3 Nxa2) 23... Kg7 24. Qg4 Ne3 25. Qg5 Bxe4 26. dxe4 Nxa2 27. Nh5+ Kh8 28. Nf6 {[#]} Rg8 $1 {Weighted Error Value: White=0.80/Black=0.05 (flawless)} 0-1

[Event "Charity Cup MCCT Prel 2022"]
[Site "Online"]
[Date "2022.03.15"]
[Round "7.3"]
[White "Lei, Tingjie"]
[Black "Ding, Liren"]
[Result "0-1"]
[WhiteElo "2535"]
[BlackElo "2799"]
[Annotator "TA"]
[PlyCount "88"]
[EventDate "2022.03.18"]
[EventType "tourn"]
[EventCountry "NET"]
[SourceTitle "playchess.com"]
[Source "ChessBase"]
[SourceQuality "1"]

{[%evp 12,88,27,25,20,15,6,22,12,4,12,-12,-14,-9,-20,-19,-19,-29,0,-7,0,0,0,-74,-70,-67,-68,-83,10,-24,0,-66,-58,-68,-78,-113,-112,-122,-116,-106,-124,-131,-135,-324,-312,-576,-544,-552,-550,-862,-460,-431,-298,-446,-408,-551,-537,-742,-725,-725,-384,-377,-387,-380,-376,-395,-379,-379,-375,-399,-404,-410,-405,-504,-504,-590,-578,-767,-628]} 1. e4 d6 2. d4 Nf6 3. Nc3 e5 4. Nf3 Nbd7 5. g3 Be7 6. Bg2 O-O 7. O-O c6 {C41: Philidor Defence.} 8. Re1 b5 9. b3 Re8 {The position is equal.} 10. Bb2 Qc7 11. Qd2 Bb7 {[#]} 12. Rad1 $146 ({Predecessor:} 12. a3 a5 13. Nh4 b4 14. axb4 axb4 15. Rxa8 Rxa8 16. Nd1 c5 17. Nf5 Bf8 18. dxe5 dxe5 {½-½ (62) Hermann,T-Pfrommer,C GER corr 1995}) 12... Bf8 13. Nh4 g6 {Prevents Nf5.} 14. Ne2 Rad8 15. Bc3 Bg7 16. Ba5 Nb6 17. Qd3 {[#]} (17. Qc1 $11 {remains equal.}) 17... d5 $1 $17 18. exd5 e4 19. Qd2 cxd5 (19... Nfxd5 $17 {Threatens to win with ...e3.} 20. Nc1 Nf6) 20. Bh3 Bc8 21. Bxc8 (21. Bf1 $1 $11) 21... Rxc8 $15 22. Ng2 Qxc2 23. Qb4 Qc6 $36 {[%mdl 2048] Black is in control. Black is much more active.} ({Of course not} 23... Qxa2 $6 24. Nc3 Rxc3 25. Qxc3 $11) 24. Rc1 Qd7 25. Nc3 Bh6 {[%cal Bg7h6,Bh6c1,Bc1g5][%mdl 32]} 26. Ne3 Ng4 27. Nxg4 $2 {This costs White the game.} (27. Rcd1 $17) 27... Qxg4 $19 28. Bxb6 $2 (28. Ra1 Bd2 29. Qxb5) 28... Bxc1 ({Less strong is} 28... axb6 {[#]} 29. Nxd5 $1 Kg7 30. Rxc8 Qxc8 31. Qxb5 $14) 29. Nxd5 {Nf6+ is the strong threat.} Qf5 {To avoid Nf6+. White must now prevent ...e3.} 30. Qd6 Bg5 {Prevents Nf6+.} 31. Bc7 Qe6 32. h4 (32. Qe5 {might work better.} f5 33. h4) 32... Bd8 {[%cal Oc8c7]} 33. Qc5 a6 34. Kh2 Bxc7 35. Nxc7 Qe7 36. Qxe7 Rxe7 {[%mdl 4096] Endgame KRR-KRN} 37. Nd5 Re6 38. Ne3 Rd6 39. d5 f5 40. Rd1 Kf7 41. Rd4 Kf6 42. a4 Ke5 {Black is clearly winning.} 43. Rb4 Rc5 44. axb5 axb5 {Weighted Error Value: White=0.51/Black=0.30} 0-1

[Event "Charity Cup MCCT Prel 2022"]
[Site "Online"]
[Date "2022.03.15"]
[Round "7.4"]
[White "Praggnanandhaa R"]
[Black "Hansen, Eric"]
[Result "1-0"]
[WhiteElo "2612"]
[BlackElo "2606"]
[Annotator "TA"]
[PlyCount "103"]
[EventDate "2022.03.18"]
[EventType "tourn"]
[EventCountry "NET"]
[SourceTitle "playchess.com"]
[Source "ChessBase"]
[SourceQuality "1"]

{[%evp 9,103,21,20,0,12,10,5,0,22,22,22,14,41,20,30,20,23,31,50,56,57,61,70,64,62,43,55,54,93,102,177,200,199,187,389,390,550,248,248,254,268,241,331,301,674,699,694,677,676,673,600,613,552,398,398,387,397,372,397,351,341,340,402,403,392,396,392,384,406,352,563,403,454,446,518,535,542,536,532,526,572,540,516,509,466,435,397,348,547,560,29978,29979,29984,29984,29991,29992]} 1. d4 Nf6 2. c4 e6 3. Nc3 Bb4 4. Nf3 Bxc3+ 5. bxc3 d6 6. Qc2 {E21: Nimzo-Indian: 4 Nf3.} O-O 7. Bg5 h6 8. Bh4 {The position is equal.} Nc6 9. e3 {[#]} e5 $146 ({Predecessor:} 9... b6 10. Bd3 g5 11. Bg3 Ba6 12. O-O Qe7 13. Nd2 Kg7 {0-1 (13) Diaz Charcan,J-Timmons,A CServe email 1995}) 10. Be2 Re8 11. h3 Qe7 12. O-O b6 13. Rae1 Bb7 14. Nd2 Nb8 15. f4 {fxe5 is the strong threat.} Nbd7 16. fxe5 dxe5 17. Bg4 {And now Bxd7 would win.} Qd6 18. Bf5 exd4 {White now steadily converts the win.} 19. cxd4 g5 (19... Rad8 $16 {is a better defense.}) 20. Bf2 $18 {[%cal Bh4f2,Bf2g3,Bg3h2][%mdl 32]} c5 21. d5 b5 $2 (21... Rad8 {was called for.} 22. g4 Ba6) 22. e4 Ba6 (22... Bc8 {was necessary.} 23. cxb5 Ne5 24. Bxc5 Qd8) 23. Qc3 (23. e5 $142 Nxe5 24. Bg3) 23... Ne5 24. Bg3 {This bishop pair is nice.} Nh5 {[#]} 25. Bh2 bxc4 26. h4 Kg7 $2 (26... gxh4 27. Re3 Qe7) 27. hxg5 hxg5 28. Nf3 f6 29. Bxe5 Rxe5 30. Nxe5 Qxe5 31. Qxe5 fxe5 32. Rf3 Nf4 33. Ra3 Bb5 34. Rb1 a6 35. Bg4 {[%cal Ob1b5] [#] Prevents Ne2+. Hoping for Rxb5!} ({Inferior is} 35. Rxb5 axb5 36. Rxa8 c3 $11) 35... Rh8 36. g3 {Inhibits Rh4.} Nd3 37. Rc3 Rf8 38. Bf5 Rf6 39. a3 Kf8 (39... Rf8 {was worth a try.} 40. Kg2 Rh8) 40. Kg2 Ke7 41. Rh1 Nb2 42. Kf3 Na4 43. Rcc1 c3 44. Kg4 Rf8 45. Rh7+ Kd6 46. Rh6+ Kc7 47. Re6 Rg8 48. Kf3 {Inhibits Be2+.} Bd3 (48... c4 {keeps fighting.} 49. Rxe5 Kd6 50. Re6+ Kc5) 49. d6+ Kd8 50. Re7 {White mates.} g4+ 51. Ke3 Bb5 52. Rb7 {Weighted Error Value: White=0.18 (very precise) /Black=0.55} 1-0

[Event "Charity Cup MCCT Prel 2022"]
[Site "Online"]
[Date "2022.03.15"]
[Round "7.5"]
[White "Van Foreest, Jorden"]
[Black "Harikrishna, Pentala"]
[Result "1/2-1/2"]
[WhiteElo "2702"]
[BlackElo "2719"]
[Annotator "TA"]
[PlyCount "162"]
[EventDate "2022.03.18"]
[EventType "tourn"]
[EventCountry "NET"]
[SourceTitle "playchess.com"]
[Source "ChessBase"]
[SourceQuality "1"]

{[%evp 9,162,0,-4,-40,-39,-22,-46,-31,75,64,64,59,56,64,68,65,63,60,63,66,80,73,78,78,104,53,82,81,78,82,137,108,168,195,201,177,199,189,197,184,193,196,203,189,279,283,292,281,295,297,296,295,290,286,273,209,252,207,258,245,400,409,393,393,738,725,1570,1381,904,467,1133,453,453,441,314,11,9,6,5,8,14,0,0,0,0,0,0,0,0,0,0,0,0,0,0,0,0,0,0,0,0,0,0,0,0,0,0,0,0,0,0,0,0,0,0,0,0,0,-28000,-28000,-28000,-28000,-28000,-28000,-28000,-28000,-28000,-28000,-28000,-28000,-28000,-28000,-28000,-28000,-28000,-28000,-28000,-28000,-28000,-28000,-28000,-28000,-28000,-28000,-28000,-28000,-28000,-28000,-28000,-28000,-28000,-28000,-28000,-28000,-28000]} 1. e4 e5 2. Nc3 Nf6 3. Bc4 Nxe4 4. Qh5 Nd6 5. Bb3 Be7 $1 6. Nd5 {[#] C27: Vienna Game: 2...Nf6 3 Bc4 Nxe4.} c6 $146 ({Predecessor:} 6... O-O 7. Nf3 Nc6 8. d3 g6 9. Qh6 Nf5 10. Qd2 d6 11. Nxe7+ Qxe7 12. c3 e4 13. dxe4 Qxe4+ {0-1 (53) Schmidt,H (2351)-Perez Gormaz,M (2404) Chess.com INT 2021}) 7. Nxe7 Qxe7 8. d4 {Black is slightly better.} Ne4 {To avoid Bg5} (8... exd4+ $15 {keeps the upper hand.} 9. Ne2 g6) 9. Qxe5 (9. f3 {with more complications.} Nf6 10. Qxe5 a5 11. c3 d6 12. Qxe7+ Kxe7 13. Bc2) 9... Qxe5 10. dxe5 d5 11. exd6 Nxd6 12. Bf4 Ne4 13. Nf3 O-O 14. Be3 $36 {[%mdl 2048] White has good play.} Nd7 15. O-O-O Ndc5 {[#]} 16. Bc4 $1 Be6 17. Be2 (17. Ne5 $16) 17... a5 18. a3 Rfe8 19. Rhe1 b5 (19... a4 $142) 20. Nd4 {Strongly threatening f3.} b4 (20... Bd7 $16 {might work better.}) 21. Nxe6 $18 ({Inferior is} 21. f3 bxa3 22. fxe4 (22. Nxe6 $2 a2 $19) 22... a2 $11) 21... Nxe6 {[#]} 22. Bf3 $1 f5 23. g4 bxa3 24. bxa3 Nc7 25. gxf5 Nd5 26. Bd4 {This bishop pair is nice.} Nd6 (26... Ndf6 $142 27. Rg1 Kf7) 27. Re5 Rad8 28. Bxd5+ cxd5 29. Rxd5 {Hoping for Bb6.} Nc4 {To avoid Bb6} 30. Rc5 Rc8 31. Rxc8 Rxc8 {[%mdl 4096] Endgame KRB-KRN} 32. Rd3 Re8 33. Bc3 {To avoid Re1+} Re4 34. Rg3 Rf4 $2 (34... g6 {was necessary.} 35. fxg6 hxg6 36. Rxg6+ Kf7) 35. Rxg7+ Kf8 36. Rc7 Nxa3 $2 (36... h5 37. f6 Ke8) 37. Be5 Rc4 38. Bd6+ Kg8 39. Rb7 Rxc2+ 40. Kd1 Rc3 41. Ke2 {Inhibits Rd3. White threatens f6 and mate.} Nc4 42. Rc7 $2 (42. Bg3 $18) 42... Rc2+ $11 43. Kf3 {Threatens to win with Kg4.} Nd2+ $1 44. Ke3 Nc4+ 45. Kd3 Rd2+ 46. Kxc4 {White wants to mate with Bc5.} Rxd6 {KR-KR} 47. Ra7 Rd2 48. f4 h5 49. h4 Rd1 50. Rxa5 Kf7 51. Ra6 Rd2 52. Kc5 Rd1 53. Rh6 Rd2 54. Kc4 Rd1 55. Kc3 Kg7 56. Rg6+ Kf7 57. Ra6 Rd5 58. f6 Kg6 59. Re6 Rf5 60. Re4 Rxf6 61. Kd3 Kf5 62. Ke3 Kg4 63. Re8 $2 {[%mdl 8192]} (63. f5+ $11 Kxf5 64. Rf4+ Kg6 65. Rd4) 63... Kxh4 64. Rg8 {Mate.} Kh3 65. Ke4 Ra6 66. f5 Ra4+ 67. Ke5 Ra5+ 68. Ke6 Ra6+ 69. Kf7 h4 70. f6 Kh2 71. Kg7 h3 72. f7 Ra7 73. Kg6 Rxf7 74. Kxf7 {KR-KP} Kh1 75. Kf6 h2 76. Kg5 Kg2 77. Kf4+ Kf2 78. Ra8 h1=Q 79. Ra2+ Kg1 80. Ra1+ Kg2 81. Rxh1 Kxh1 {[%mdl 32768] Quite a comeback for Black.  Weighted Error Value: White=0.30/Black=0.21 (precise) . An unexpected result.} 1/2-1/2

[Event "Charity Cup MCCT Prel 2022"]
[Site "Online"]
[Date "2022.03.16"]
[Round "7.6"]
[White "Anton Guijarro, David"]
[Black "Duda, Jan-Krzysztof"]
[Result "1/2-1/2"]
[WhiteElo "2691"]
[BlackElo "2760"]
[Annotator "TA"]
[PlyCount "55"]
[EventDate "2022.03.18"]
[EventType "tourn"]
[EventCountry "NET"]
[SourceTitle "playchess.com"]
[Source "ChessBase"]
[SourceQuality "1"]

{[%evp 13,55,10,0,0,0,0,0,6,17,25,14,12,13,10,0,0,2,0,20,11,2,2,7,0,5,-14,-7,-151,-35,-237,-212,-264,-255,-254,-71,-86,0,0,0,-94,0,0,0,-117]} 1. d4 {Caruana,F} Nf6 2. Nf3 d5 3. e3 e6 4. Bd3 c5 5. b3 b6 6. O-O Be7 7. Bb2 O-O 8. dxc5 {D05: Colle System with ...e6.} Bxc5 9. Nbd2 Bb7 10. c4 dxc4 11. Nxc4 Qe7 12. a3 {Hoping for b4.} a5 {Prevents b4.} 13. Qe2 Rd8 14. Rfd1 Nbd7 {[%cal Bb8d7,Bd7f8,Bf8g6][%mdl 32]} 15. Nd4 Rac8 {[#]} 16. h3 $146 ({Predecessor:} 16. Rac1 Nf8 17. Qe1 Ng6 18. Bf1 Ng4 19. Nb5 Bc6 20. a4 Bd5 21. Bd4 Bxc4 22. Rxc4 Bxd4 23. Rdxd4 Rxc4 24. bxc4 {0-1 (52) Carlsen,M (2853)-Karjakin,S (2769) New York 2016 CBM 176 [Caruana,F]}) 16... Nf8 17. Nc2 {[%cal Ob3b4]} Nd5 {To avoid b4} 18. Ne1 Ng6 19. Qh5 f5 {[%cal Od5f4]} 20. g3 {To avoid Ndf4} (20. Qe2 $1 $11) 20... Qc7 (20... Nf6 21. Qe2 $11) (20... b5 $1 $17 {Strongly threatening ...f4.} 21. Nxa5 Nxe3) 21. Nf3 $2 (21. Kh2 $15) 21... b5 $1 $19 (21... Nf6 22. Bxf6 gxf6 23. Be2 $17) 22. Nce5 Nf6 23. Qg5 {[#]} Rxd3 $1 {[%mdl 512]} 24. Rxd3 $17 {[#]} Ne4 (24... Bxa3 $1 $17 25. Bxa3 (25. Rxa3 $2 Nxe5 26. e4 Nxd3 $19) 25... Nxe5 26. Nxe5 Qxe5) 25. Qh5 $11 {Rd7 is the strong threat.} Nf6 {To avoid Rd7} (25... Bd6 $11 26. Nxg6 Qc2) 26. Qg5 $17 {[#]} Ne4 (26... Bxa3 $1 $17 27. Bxa3 (27. Rxa3 $2 Nxe5 28. e4 Nxd3 $19) 27... Nxe5 28. Nxe5 Qxe5) 27. Qh5 $11 {Threatens to win with Rd7.} Nf6 {Prevents Rd7.} (27... Bd6 $11 28. Nxg6 Qc2) 28. Qg5 {Weighted Error Value: White=0.42/Black=0.22 (precise)} 1/2-1/2

[Event "Charity Cup MCCT Prel 2022"]
[Site "Online"]
[Date "2022.03.15"]
[Round "7.7"]
[White "Jones, Gawain C B"]
[Black "Vidit, Santosh Gujrathi"]
[Result "1/2-1/2"]
[WhiteElo "2671"]
[BlackElo "2727"]
[Annotator "TA"]
[PlyCount "137"]
[EventDate "2022.03.18"]
[EventType "tourn"]
[EventCountry "NET"]
[SourceTitle "playchess.com"]
[Source "ChessBase"]
[SourceQuality "1"]

{[%evp 10,137,14,15,20,8,9,11,16,2,20,0,0,0,5,0,6,7,16,13,14,19,32,0,0,0,0,-37,-28,-32,-33,-35,-37,-36,-35,-41,-34,-81,-75,-117,-118,-120,-41,-47,0,0,0,-36,0,0,0,0,0,0,0,0,0,0,0,0,0,-18,-25,-17,0,-72,-79,-81,-14,-31,17,17,18,0,0,0,0,0,0,0,0,0,0,0,0,0,0,0,0,0,0,0,0,0,0,0,0,0,0,0,0,0,0,-8,-8,-8,-8,-8,-8,-35,-8,-8,-8,-35,-8,-8,-8,-13,0,0,0,0,0,0,0,0,0,0,0,0]} 1. e4 e5 2. Nf3 Nc6 3. Bc4 Nf6 4. d3 Bc5 5. O-O d6 6. c3 a5 {Recently 6...h6 got a lot of attention. C54: Giuoco Piano: 4 c3 Nf6, main lines with 5 d4 and 5 d3.} 7. Re1 O-O 8. h3 h6 9. Bb5 Ba7 {[#]} 10. Be3 $146 ({Predecessor:} 10. Nbd2 Ne7 11. d4 Ng6 12. a4 c6 13. Bd3 Re8 14. Bc2 Be6 15. Nf1 Qc7 16. Ng3 {1-0 (36) Firouzja,A (2754)-Tari,A (2642) Stavanger 2021}) 10... Bxe3 11. Rxe3 Ne7 12. d4 Ng6 13. Bf1 Re8 14. c4 Nh7 15. Nc3 Ng5 16. d5 Nxf3+ 17. Qxf3 Rf8 18. g3 Ne7 19. Bd3 f5 (19... Bxh3 $2 20. g4 $18) 20. exf5 Bxf5 21. Qh5 Qd7 22. Bxf5 Nxf5 23. Rd3 (23. Rf3 $15) 23... Nd4 $17 24. Qg4 (24. Rf1 $142) 24... Qf7 $1 25. Rf1 h5 (25... Nf3+ $1 $17 26. Kh1 e4 27. Nxe4 (27. Qxe4 Rae8 $17) 27... Ne5) 26. Qe4 $15 Nf3+ (26... h4 $15) 27. Kg2 $1 $11 (27. Kh1 Ng5 28. Qg2 Qf5 $17) 27... Ng5 28. Qh4 {Active counter play!} Qf5 (28... Qg6 $5 {[%cal Rg6d3]} 29. Re3 Rf6 $11) 29. Re3 Nf3 30. Qe4 Nd2 {[%csl LRe4,LRf1]} 31. Qxf5 Rxf5 32. Rc1 Nxc4 33. Re2 Nb6 34. Nb5 $1 Nxd5 35. Rd2 {[#]} Raf8 $1 36. Nxc7 ({Wrong is} 36. Rxd5 $2 Rxf2+ 37. Kg1 c6 38. Rxd6 cxb5 $19) 36... Nb4 {[%cal Of5f2] Threatens to win with ...Rxf2+!} 37. Rcd1 {[#]} (37. Re1 $11) 37... e4 $1 $17 {...Nd3 is the strong threat.} ({Reject} 37... Nxa2 38. Ne6 R8f7 39. Rxd6 $11) 38. Ne6 {[#]} R8f6 ({Black should play} 38... R8f7 $1 $17 39. Rxd6 Rxf2+ 40. Kg1 Nc6) 39. Nf4 $1 $11 {Inhibits d5.} Nd3 (39... Nxa2 $15 40. Nd5 Rf7) 40. Nxd3 exd3 {[%mdl 4096] Endgame KRR-KRR} 41. f4 h4 42. Rxd3 hxg3 43. Rxd6 Rxf4 {White must now prevent ...Rxd6.} 44. Rxf6 Rxf6 45. Kxg3 {KR-KR} b6 46. Rd7 Kh7 47. Rb7 Kh6 48. b3 g6 49. h4 g5 50. a3 Kg6 {And now ...gxh4+ would win.} 51. hxg5 Kxg5 52. b4 axb4 53. axb4 Kf5 54. Kf3 Ke5+ 55. Ke3 Kd5 56. Kd3 Kc6 57. Rh7 Kb5 58. Kc3 Rf3+ 59. Kb2 Kxb4 60. Rh4+ Ka5 61. Rg4 b5 62. Rh4 $1 {The position is equal.} Rg3 63. Rf4 b4 64. Rf8 Kb5 65. Rb8+ Kc4 {Hoping for ...Rg2+.} 66. Rc8+ Kb5 67. Rb8+ Kc4 {Strongly threatening ...Rg2+.} 68. Rc8+ Kb5 69. Rb8+ {Weighted Error Value: White=0.08 (flawless) /Black=0.08 (flawless)} 1/2-1/2

[Event "Charity Cup MCCT Prel 2022"]
[Site "Online"]
[Date "2022.03.15"]
[Round "7.8"]
[White "Le, Quang Liem"]
[Black "Ju, Wenjun"]
[Result "1-0"]
[WhiteElo "2709"]
[BlackElo "2560"]
[Annotator "TA"]
[PlyCount "103"]
[EventDate "2022.03.18"]
[EventType "tourn"]
[EventCountry "NET"]
[SourceTitle "playchess.com"]
[Source "ChessBase"]
[SourceQuality "1"]

{[%evp 10,103,12,12,12,9,17,7,16,9,19,13,10,0,-2,-22,-8,-4,-10,-25,0,0,0,0,0,0,0,0,5,-16,-3,0,0,-15,-10,-2,0,0,0,0,0,0,0,0,0,0,0,0,0,0,0,0,0,0,0,0,0,0,0,0,8,0,12,16,47,47,122,124,230,125,229,229,203,211,216,214,296,282,454,440,452,445,433,447,902,891,877,827,2075,595,2227,1942,29981,29982,29989,29990]} 1. e4 e5 2. Nf3 Nc6 3. Bc4 Bc5 4. c3 Nf6 5. d3 d6 6. O-O a5 {Recently 6...h6 got a lot of attention. C54: Giuoco Piano: 4 c3 Nf6, main lines with 5 d4 and 5 d3.} 7. Re1 O-O 8. h3 Be6 {The position is equal.} 9. Bb5 Bb6 10. Nbd2 Ne7 11. Nf1 Ng6 12. Ng3 c6 13. Ba4 {[#]} d5 $146 ({Predecessor:} 13... h6 14. d4 Bc7 15. Bc2 Re8 16. Be3 d5 17. dxe5 Nxe4 18. Nxe4 dxe4 19. Bxe4 Nxe5 20. Nxe5 Bxe5 {0-1 (32) Nikolovski,N (2454)-Ju,W (2560) Europe Echecs INT 2021}) 14. Bb3 dxe4 15. dxe4 Qxd1 16. Rxd1 Bxb3 17. axb3 h6 {Prevents Bg5.} 18. Kf1 Rfd8 19. Re1 Ne8 20. Nf5 f6 21. g3 Kf7 22. Ke2 Ne7 23. Be3 Bxe3 24. Nxe3 Nd6 25. Nd2 b5 {Inhibits Nec4.} 26. b4 axb4 27. cxb4 f5 28. f3 fxe4 29. fxe4 Ke6 30. Rec1 Rdc8 31. Kd3 Rxa1 32. Rxa1 c5 33. bxc5 Rxc5 34. b4 Rc8 35. Nb3 Nc6 36. Nd5 Nb7 37. Ra6 Nd6 {White now steadily converts the win.} (37... Nbd8 $1 $14) 38. Rb6 $16 {White is more active.} h5 (38... Kd7 $16 {was called for.} 39. Nc5+ Ke8) 39. Nc5+ $18 Kf7 {[#]} 40. Nb7 $1 Ke6 41. Nxd6 Kxd6 42. Rxb5 {[%mdl 4096] Endgame KRN-KRN} Ra8 43. Rb6 {Strongly threatening b5.} Ra3+ $2 (43... Rb8 44. Ra6 Rb7) 44. Kc4 Kd7 45. Rb7+ Kd6 46. Rxg7 h4 (46... Nd4 $142 47. Rg6+ Ne6) 47. gxh4 {[%cal Bg3h4,Bh4h5,Bh5h6][%mdl 32]} Rxh3 48. h5 {[#] And now Rg6+ would win.} Rh4 49. Rg6+ Kd7 50. h6 Rxe4+ 51. Kc5 Nd4 52. Nf6+ {Weighted Error Value: White=0.03 (flawless) /Black=0.32} 1-0